The Progress of underdeveloped areas

Đã lưu trong:
Sonraí Bibleagrafaíochta
Príomhúdar: Hoselitz, Bert F.
Formáid: Leabhar
Teanga:Undetermined
Foilsithe: Chicago The University of Chicago 1923
Ábhair:
Clibeanna: Cuir Clib Leis
Gan Chlibeanna, Bí ar an gcéad duine leis an taifead seo a chlibeáil!
Thư viện lưu trữ: Trung tâm Học liệu Trường Đại học Cần Thơ
LEADER 00525nam a2200181Ia 4500
001 CTU_81367
008 210402s9999 xx 000 0 und d
082 |a 338.91 
082 |b H825 
100 |a Hoselitz, Bert F. 
245 4 |a The Progress of underdeveloped areas 
245 0 |c Bert F. Hoselitz 
260 |a Chicago 
260 |b The University of Chicago 
260 |c 1923 
650 |a Developing countries.,Technical assistance. 
904 |i Trọng Hải 
980 |a Trung tâm Học liệu Trường Đại học Cần Thơ